[Event "The Resurrection Challenge"]
[Site "SchemingMind.com"]
[Date "2008.03.18"]
[Round "-"]
[White "matizccc"]
[Black "Clive Everill"]
[Result "0-1"]
[WhiteCountry "ROU"]
[BlackCountry "CZE"]
[WhiteElo "1710"]
[WhiteRD "70"]
[BlackElo "1669"]
[BlackRD "47"]
[GameID "146327"]

1. Nf3 d5 2. d4 c5 3. e3 c4 4. Nc3 Nf6 5. e4 Bg4 6. Be2 dxe4 7. Ne5 Bxe2 8. Qxe2 e6 9. Qxc4 Be7 10. Qb5+ Nbd7
11. Nxd7 Qxd7 12. Qxd7+ Kxd7 13. Bg5 Bb4 14. Bxf6 Bxc3+ 15. bxc3 gxf6 16. Rb1 b6 17. Ke2 Rhc8 18. Rb3 f5 19. f3 exf3+ 20. Kxf3 Rc4
21. Kf4 Rac8 22. Ke5 Rxc3 23. Rxc3 Rxc3 24. Rc1 Ke7 25. d5 Re3+ 26. Kd4 Re4+ 27. Kd3 exd5 28. Rf1 Ke6 29. Rf3 Ra4 30. Rh3 Ra3+
31. Kd4 Rxh3
0-1

[Event "The Resurrection Challenge"]
[Site "SchemingMind.com"]
[Date "2008.03.18"]
[Round "-"]
[White "Clive Everill"]
[Black "matizccc"]
[Result "1-0"]
[WhiteCountry "CZE"]
[BlackCountry "ROU"]
[WhiteElo "1680"]
[WhiteRD "52"]
[BlackElo "1745"]
[BlackRD "69"]
[GameID "146328"]

1. b3 Nf6 2. Bb2 e6 3. e3 Be7 4. Nf3 Nc6 5. c4 d5 6. Nc3 Bb4 7. cxd5 exd5 8. Bb5 Bd7 9. O-O O-O 10. a3 Bxc3
11. Bxc3 Ne7 12. Bd3 Nf5 13. Ne5 Be6 14. f4 d4 15. exd4 Nxd4 16. Bb2 Nxb3 17. Rb1 Ne8 18. Bc3 f6 19. Bc4 Bxc4 20. Nxc4 Nc5
21. Bb4 Qd4+ 22. Ne3 b6 23. Kh1 Nd6 24. Bc3 Qd5 25. Nxd5
1-0

[Event "The Resurrection Challenge"]
[Site "SchemingMind.com"]
[Date "2008.03.23"]
[Round "-"]
[White "_keyes"]
[Black "Clive Everill"]
[Result "1-0"]
[WhiteCountry "ENG"]
[BlackCountry "CZE"]
[WhiteElo "1921"]
[WhiteRD "74"]
[BlackElo "1684"]
[BlackRD "50"]
[GameID "146664"]

1. d4 f5 2. Nf3 Nf6 3. g3 e6 4. Bg2 Be7 5. O-O O-O 6. c4 d6 7. Qc2 c5 8. dxc5 dxc5 9. Rd1 Qc7 10. Bf4 Qb6
11. Nc3 Bd7 12. Ne5 Rd8 13. Nxd7 Nfxd7 14. Na4 Qa5 15. Bxb7 Nb6 16. Bxa8 Nxa8 17. Rxd8+ Qxd8 18. Rd1 Qc8 19. Bxb8 Qxb8 20. Rd7 Kf8
21. b3 Nc7 22. Qd2 Na6 23. Qf4 Qxf4 24. gxf4 Nb4 25. a3 Nc2 26. Rxa7 Nd4 27. Nc3 Nxb3 28. Ra8+ Kf7 29. a4 Bd6 30. e3 Kf6
31. Nb5 Be7 32. a5 h6 33. a6 Na5 34. a7 Nxc4 35. Rb8
1-0

[Event "The Resurrection Challenge"]
[Site "SchemingMind.com"]
[Date "2008.03.21"]
[Round "-"]
[White "_keyes"]
[Black "matizccc"]
[Result "1-0"]
[WhiteCountry "ENG"]
[BlackCountry "ROU"]
[WhiteElo "1921"]
[WhiteRD "74"]
[BlackElo "1673"]
[BlackRD "64"]
[GameID "146665"]

1. d4 d5 2. c4 Nf6 3. cxd5 Qxd5 4. Nc3 Qa5 5. Bd2 Qb6 6. e3 e6 7. Qc2 Bb4 8. Bd3 O-O 9. Nf3 Bxc3 10. bxc3 c5
11. O-O Nc6 12. Rab1 Qd8 13. Rfd1 b6 14. Bc1 Qc7 15. Ba3 Bb7 16. dxc5 e5 17. cxb6 axb6 18. Bxf8 Rxf8 19. Nd2 Ng4 20. Bxh7+ Kh8
21. Bf5 Nf6 22. Qb3 g6 23. Bh3 Nh7 24. Qxb6 Qxb6 25. Rxb6 Ba8 26. Nb3 Nf6 27. f3 Nh7 28. g4 Ne7 29. Bg2 Ng5 30. Kf2 e4
31. f4 Ne6 32. Rd7 Nd5 33. Ra6 Nxc3 34. h4 Bd5 35. Ra5 Bxb3 36. axb3 Nd1+ 37. Rxd1 f5 38. Rd6 Re8 39. gxf5 gxf5 40. Rxf5 Ng7
41. Rfd5 Rb8 42. Rd8+
1-0

[Event "The Resurrection Challenge"]
[Site "SchemingMind.com"]
[Date "2008.03.21"]
[Round "-"]
[White "Clive Everill"]
[Black "_keyes"]
[Result "0-1"]
[WhiteCountry "CZE"]
[BlackCountry "ENG"]
[WhiteElo "1684"]
[WhiteRD "50"]
[BlackElo "1921"]
[BlackRD "74"]
[GameID "146666"]

1. e4 c5 2. Nf3 d6 3. d4 cxd4 4. Nxd4 Nf6 5. Nc3 a6 6. Bc4 e6 7. Bb3 Be7 8. Be3 O-O 9. Qe2 Qc7 10. h4 Bd7
11. h5 b5 12. a3 Nc6 13. h6 g6 14. Nxc6 Bxc6 15. Bf4 Qb7 16. e5 dxe5 17. Qxe5 Bxg2 18. Rg1 Nh5 19. Be3 Bf6 20. Qh2 Bf3
21. Qd6 Rfd8 22. Qb6 Qxb6 23. Bxb6 Rd6 24. Ba5 Bxc3+ 25. Bxc3 Rad8 26. Kf1 Rd1+ 27. Rxd1 Rxd1+ 28. Be1 Nf4 29. Rg3 Be2+ 30. Kg1 Rxe1+
31. Kh2 Bc4 32. Rc3 Nd5 33. Rf3 Bxb3 34. cxb3 Re2 35. a4 Rxb2 36. axb5 axb5 37. Kg3 f5 38. Kh4 Kf7 39. Kg5 e5
0-1

[Event "The Resurrection Challenge"]
[Site "SchemingMind.com"]
[Date "2008.03.21"]
[Round "-"]
[White "matizccc"]
[Black "_keyes"]
[Result "0-1"]
[WhiteCountry "ROU"]
[BlackCountry "ENG"]
[WhiteElo "1673"]
[WhiteRD "64"]
[BlackElo "1921"]
[BlackRD "74"]
[GameID "146667"]

1. e4 c5 2. Nf3 d6 3. Bc4 e6 4. Bb5+ Bd7 5. Qe2 a6 6. Bxd7+ Qxd7 7. e5 d5 8. O-O Nc6 9. Nc3 Nge7 10. Ng5 h6
11. Nh3 Nd4 12. Qd1 Qc7 13. f4 Nec6 14. d3 Nb4 15. Bd2 Nbxc2 16. Rc1 Nb4 17. Na4 Nxd3 18. Rb1 c4 19. b3 b5 20. Nc3 Bc5
21. bxc4 dxc4 22. Be3 Nf5 23. Bxc5 Qxc5+ 24. Nf2 Rd8 25. Ne4 Qb6 26. a4 O-O 27. Qh5 Nxf2 28. Nxf2 Rd2 29. axb5 axb5 30. g4 Ne3
31. g5 Nxf1 32. Rxf1 hxg5 33. Qxg5 Ra8 34. f5 exf5 35. Qxf5 b4 36. Kh1 Qe6 37. Qf4 Raa2 38. Ng4 Qd5+
0-1

[Event "The Resurrection Challenge"]
[Site "SchemingMind.com"]
[Date "2008.03.21"]
[Round "-"]
[White "boutdem"]
[Black "_keyes"]
[Result "0-1"]
[WhiteCountry "GRE"]
[BlackCountry "ENG"]
[WhiteElo "1820"]
[WhiteRD "80"]
[BlackElo "1970"]
[BlackRD "72"]
[GameID "146797"]

1. f4 Nf6 2. Nf3 e6 3. g3 b6 4. Bg2 Bb7 5. O-O d5 6. d3 Nbd7 7. d4 Bd6 8. Nbd2 Ng4 9. Nb3 O-O 10. h3 Ngf6
11. Nbd2 c5 12. c3 Rc8 13. e3 cxd4 14. exd4 Bb8 15. Ne5 a6 16. Qe2 b5 17. Nb3 Nxe5 18. fxe5 Nd7 19. Be3 Qb6 20. Rf4 Ba7
21. Rh4 Rfe8 22. Qh5 Nf8 23. Nc5 Qc7 24. Nxb7 Qxb7 25. Bf1 b4 26. cxb4 Qxb4 27. Bd3 g6 28. Qf3 Qxb2 29. Rf1 f5 30. exf6 Kf7
31. Qg4 Rc7 32. Rxh7+ Nxh7
0-1

[Event "The Resurrection Challenge"]
[Site "SchemingMind.com"]
[Date "2008.03.19"]
[Round "-"]
[White "boutdem"]
[Black "Clive Everill"]
[Result "1-0"]
[WhiteCountry "GRE"]
[BlackCountry "CZE"]
[WhiteElo "1949"]
[WhiteRD "79"]
[BlackElo "1669"]
[BlackRD "47"]
[GameID "146798"]

1. f4 e5 2. fxe5 d6 3. exd6 Bxd6 4. Nf3 Bg4 5. e3 Nf6 6. Nc3 O-O 7. d4 Nbd7 8. Bd3 c5 9. Ne4 Nxe4 10. Bxe4 Rb8
11. O-O Qc7 12. g3 Bxg3 13. hxg3 Qxg3+ 14. Kh1 Nf6 15. Bd3 Qh3+ 16. Kg1 Qg3+ 17. Kh1 Nh5 18. Qe2 Qh3+ 19. Kg1 Ng3 20. Qg2 Nxf1
21. Qxh3 Bxh3 22. Bxf1 Bxf1 23. Kxf1 cxd4 24. exd4 Rbc8 25. c3 Rfe8 26. Kf2 Re6 27. Bd2 Rce8 28. Rd1 Re2+ 29. Kf1 R2e7 30. d5 h6
31. c4 b6 32. Nd4 Re4 33. Bc3 Rf4+ 34. Kg2 Ree4 35. d6 Rg4+ 36. Kf2 Rgf4+ 37. Nf3 Re8 38. b3 f6 39. d7 Rd8 40. Bb4 Kf7
41. c5 bxc5 42. Ba5 Ke7 43. Re1+ Kxd7 44. Rd1+
1-0

[Event "The Resurrection Challenge"]
[Site "SchemingMind.com"]
[Date "2008.03.19"]
[Round "-"]
[White "boutdem"]
[Black "matizccc"]
[Result "1-0"]
[WhiteCountry "GRE"]
[BlackCountry "ROU"]
[WhiteElo "1949"]
[WhiteRD "79"]
[BlackElo "1710"]
[BlackRD "70"]
[GameID "146799"]

1. f4 Nf6 2. Nf3 d5 3. g3 Bg4 4. Bg2 Bxf3 5. Bxf3 e6 6. O-O Bc5+ 7. d4 Bb6 8. c3 O-O 9. Nd2 c5 10. e3 c4
11. e4 Nc6 12. e5 Nd7 13. Kh1 f6 14. Bg4 Qe7 15. Nf3 Nd8 16. exf6 Nxf6 17. Ng5 Nxg4 18. Qxg4 h6 19. Nf3 Nc6 20. Bd2 Qf7
21. Kg2 Rae8 22. Ne5 Nxe5 23. fxe5 Qd7 24. Bxh6 Rf5 25. Qg6 Rf7 26. Rf6 Ree7 27. Raf1 Qe8 28. Qg4 Bd8 29. R1f4 b6 30. Rg6 Kh7
31. Qh5 Kg8 32. Bxg7 Rxf4 33. Bf6+ Qxg6 34. Qxg6+ Kf8 35. Bxe7+ Kxe7 36. gxf4 Kd7 37. Qf7+ Kc8 38. Qxe6+
1-0

[Event "The Resurrection Challenge"]
[Site "SchemingMind.com"]
[Date "2008.03.21"]
[Round "-"]
[White "_keyes"]
[Black "boutdem"]
[Result "1-0"]
[WhiteCountry "ENG"]
[BlackCountry "GRE"]
[WhiteElo "1970"]
[WhiteRD "72"]
[BlackElo "1820"]
[BlackRD "80"]
[GameID "146800"]

1. d4 Nf6 2. c4 e5 3. e3 exd4 4. exd4 Bb4+ 5. Bd2 Qe7+ 6. Be2 O-O 7. a3 Bxd2+ 8. Qxd2 Re8 9. Nc3 Nc6 10. O-O-O b6
11. Nf3 Bb7 12. Rhe1 Qf8 13. d5 Na5 14. Qc2 c6 15. b4 cxd5 16. bxa5 Qxa3+ 17. Qb2 Qxa5 18. Nd4 Qc5 19. Qb5 Qc7 20. Bf3 Rxe1
21. Rxe1 Qf4+ 22. Kc2 Qxd4 23. cxd5 Rc8 24. Re3 Bxd5 25. Rd3 Qxf2+ 26. Rd2 Be4+ 27. Bxe4 Rxc3+ 28. Kxc3 Nxe4+ 29. Kb3 Nxd2+ 30. Ka4 Qd4+
31. Qb4 Qxb4+ 32. Kxb4
1-0

[Event "The Resurrection Challenge"]
[Site "SchemingMind.com"]
[Date "2008.03.19"]
[Round "-"]
[White "Clive Everill"]
[Black "boutdem"]
[Result "0-1"]
[WhiteCountry "CZE"]
[BlackCountry "GRE"]
[WhiteElo "1669"]
[WhiteRD "47"]
[BlackElo "1949"]
[BlackRD "79"]
[GameID "146801"]

1. Nf3 d5 2. d4 Bf5 3. g3 Nc6 4. Bg2 h6 5. Nc3 e6 6. Nh4 Bh7 7. e4 dxe4 8. Bxe4 Bxe4 9. Nxe4 Qxd4 10. Qxd4 Nxd4
11. Kd2 O-O-O 12. Kc3 g5 13. Ng2 Bg7 14. Kc4 Ne7 15. Be3 a6 16. a4 Nxc2 17. Rab1 Nc6 18. b4 Na3+ 19. Kb3 Nxb1 20. Rxb1 Rd3+
21. Ka2 Rhd8 22. Nc5 Rc3 23. b5 axb5 24. Rxb5 b6 25. Nb3 Rd1 26. Na1 Rg1 27. Nf4 gxf4 28. Bxf4 Rf1 29. Be3 Rd1 30. Rb1 Rdd3
31. Rb3 Nb4+ 32. Rxb4 Ra3+ 33. Kb1 Rd1+ 34. Kc2 Rdxa1 35. Rc4 Rxa4
0-1

[Event "The Resurrection Challenge"]
[Site "SchemingMind.com"]
[Date "2008.03.19"]
[Round "-"]
[White "matizccc"]
[Black "boutdem"]
[Result "1-0"]
[WhiteCountry "ROU"]
[BlackCountry "GRE"]
[WhiteElo "1710"]
[WhiteRD "70"]
[BlackElo "1949"]
[BlackRD "79"]
[GameID "146802"]

1. Nf3 c5 2. Nc3 Nc6 3. d4 cxd4 4. Nxd4 e6 5. Nxc6 bxc6 6. e3 d5 7. Bd3 Nf6 8. Qe2 Bb4 9. Bd2 e5 10. O-O e4
11. Ba6 O-O 12. Bxc8 Rxc8 13. a3 Bd6 14. f3 Nh5 15. fxe4 Qh4 16. g3 Bxg3 17. exd5 Rce8 18. hxg3 Nxg3 19. Qh2 Qg4 20. Qg2 f5
21. Rf3 f4 22. Rxf4 Rxf4 23. exf4 Ne2+ 24. Kf1 Ng3+ 25. Kf2 Ne4+ 26. Kf1 Ng3+ 27. Kf2 Ne4+ 28. Nxe4 Qxg2+ 29. Kxg2 Rxe4 30. Kf3 Rd4
31. Be3 Rxd5 32. Bxa7 Rd2 33. Rc1 Kf7 34. a4 Rd7 35. Bb6 Ke6 36. a5 h5 37. a6
1-0

[Event "The Resurrection Challenge"]
[Site "SchemingMind.com"]
[Date "2008.03.21"]
[Round "-"]
[White "Brendan Joseph Birt"]
[Black "_keyes"]
[Result "0-1"]
[WhiteCountry "USA"]
[BlackCountry "ENG"]
[WhiteElo "1837"]
[WhiteRD "77"]
[BlackElo "1921"]
[BlackRD "74"]
[GameID "147051"]

1. e4 c5 2. Nf3 d6 3. d4 cxd4 4. Nxd4 Nf6 5. Nc3 a6 6. Bg5 e6 7. f4 Be7 8. Qf3 Nbd7 9. Bd3 Qc7 10. O-O-O Rb8
11. Rhe1 O-O 12. g4 b5 13. Bh4 b4 14. Nce2 Bb7 15. Ng3 Nc5 16. g5 Nxd3+ 17. Qxd3 Nd7 18. Nh5 Nc5 19. Qf3 Rfc8 20. f5 e5
21. Nb3 Nxe4 22. Qd3 Bxg5+ 23. Bxg5 Nxg5 24. Ng3 f6 25. h4 Nf3 26. Re2 Rd8 27. h5 Ng5 28. Rh2 h6 29. Nd2 Rbc8 30. Nde4 Nxe4
31. Nxe4 d5 32. Qb3 Kh8 33. Ng3 a5 34. Nf1 d4 35. Qg3 Be4 36. Rdd2 Bxf5 37. Rdf2 Bh7 38. Kd1 d3 39. Ne3 dxc2+ 40. Kc1 Qa7
41. Rhg2 Qxe3+
0-1

[Event "The Resurrection Challenge"]
[Site "SchemingMind.com"]
[Date "2008.03.24"]
[Round "-"]
[White "Brendan Joseph Birt"]
[Black "Clive Everill"]
[Result "1-0"]
[WhiteCountry "USA"]
[BlackCountry "CZE"]
[WhiteElo "1854"]
[WhiteRD "75"]
[BlackElo "1669"]
[BlackRD "47"]
[GameID "147052"]

1. e4 c5 2. Nf3 Nc6 3. Bb5 Nd4 4. Nxd4 cxd4 5. O-O e5 6. c3 Bc5 7. cxd4 Bxd4 8. Nc3 Nf6 9. d3 a6 10. Bc4 O-O
11. a4 d6 12. Bg5 h6 13. Bh4 g5 14. Bg3 Bg4 15. Qd2 Nh5 16. Nd5 Kh7 17. Ne3 Bd7 18. Bd5 Rb8 19. Nc4 Qe7 20. a5 Bb5
21. Ne3 Bd7 22. Rab1 f5 23. Nxf5 Bxf5 24. exf5 Nxg3 25. hxg3 Kg7 26. g4 b5 27. axb6 Rxb6 28. b3 Rfb8 29. Qe2 Kf6 30. Qf3 Rb4
31. Qh3 Qg7 32. Rbc1 Bc5 33. Ra1 R8b6 34. Bc4 Rxc4 35. bxc4 Bd4 36. Rab1 Rc6 37. Qf3 Qc7 38. Qd5 Rb6 39. Rxb6 Qxb6 40. Qa8 Kf7
41. Qh8 a5 42. Qxh6 a4 43. Qg6+ Ke7 44. Qxg5+ Kd7 45. Qg7+ Kc6 46. Qg8 Qc7 47. Qe8+ Kc5 48. Qb5#
1-0

[Event "The Resurrection Challenge"]
[Site "SchemingMind.com"]
[Date "2008.03.21"]
[Round "-"]
[White "Brendan Joseph Birt"]
[Black "matizccc"]
[Result "1-0"]
[WhiteCountry "USA"]
[BlackCountry "ROU"]
[WhiteElo "1854"]
[WhiteRD "75"]
[BlackElo "1710"]
[BlackRD "70"]
[GameID "147053"]

1. e4 e5 2. Nf3 Nc6 3. d4 d6 4. dxe5 Bg4 5. exd6 Bxd6 6. Be2 Nf6 7. Nc3 Bxf3 8. Bxf3 O-O 9. O-O Qd7 10. Bg5 Qe7
11. Nd5 Qe6 12. Nxf6+ gxf6 13. Be3 Qe5 14. g3 Qxb2 15. Rb1 Qxa2 16. Rxb7 Qc4 17. Qd3 Qxd3 18. cxd3 Rfb8 19. Rfb1 Rxb7 20. Rxb7 a5
21. Rb1 Ne5 22. Be2 a4 23. d4 Nd7 24. Bc4 c5 25. Rb7 Rd8 26. dxc5 Bxc5 27. Bxc5 Ne5 28. Bd5 Rf8 29. Bxf8 Kxf8 30. Ra7 a3
31. Rxa3 Ng4 32. f4 h5 33. h3 Nh6 34. Kf2 Kg7 35. Kf3 Kg6 36. g4 hxg4+ 37. hxg4 Ng8 38. Ra7
1-0

[Event "The Resurrection Challenge"]
[Site "SchemingMind.com"]
[Date "2008.03.21"]
[Round "-"]
[White "Brendan Joseph Birt"]
[Black "boutdem"]
[Result "0-1"]
[WhiteCountry "USA"]
[BlackCountry "GRE"]
[WhiteElo "1854"]
[WhiteRD "75"]
[BlackElo "1949"]
[BlackRD "79"]
[GameID "147054"]

1. e4 d5 2. exd5 Nf6 3. d4 Nxd5 4. Nf3 Bf5 5. Bd3 Qd7 6. c3 Qe6+ 7. Kf1 Nd7 8. Na3 g6 9. Bxf5 Qxf5 10. Nc4 Bg7
11. Ne3 Nxe3+ 12. Bxe3 O-O-O 13. Qe2 Rhe8 14. Nh4 Qe4 15. Nf3 e5 16. Rd1 exd4 17. Nxd4 Nb6 18. Nc2 Nc4 19. Rxd8+ Rxd8 20. f3 Qxc2
0-1

[Event "The Resurrection Challenge"]
[Site "SchemingMind.com"]
[Date "2008.03.21"]
[Round "-"]
[White "_keyes"]
[Black "Brendan Joseph Birt"]
[Result "1-0"]
[WhiteCountry "ENG"]
[BlackCountry "USA"]
[WhiteElo "1970"]
[WhiteRD "72"]
[BlackElo "1831"]
[BlackRD "78"]
[GameID "147055"]

1. d4 Nf6 2. c4 e6 3. Nc3 Bb4 4. e3 b6 5. Ne2 Ba6 6. a3 Bxc3+ 7. Nxc3 d5 8. b3 O-O 9. Qc2 dxc4 10. bxc4 Nc6
11. Bd3 Na5 12. Ne2 Qd7 13. Bd2 Nc6 14. O-O Rad8 15. f3 h6 16. Rad1 Bb7 17. Bc3 Ne7 18. e4 Ne8 19. Qd2 c6 20. Bb1 Nd6
21. Qd3 Ng6 22. e5 Nf5 23. g4 Nfe7 24. h4 f5 25. exf6 gxf6 26. h5 f5 27. hxg6 Nxg6 28. Rf2 Qd6 29. gxf5 Rxf5 30. Rg2 Kf7
31. d5 cxd5 32. Ng3 Rg5 33. Kf2 Ba6 34. Qd4 Rg8 35. Qf6+ Ke8 36. Bb4 Qc7 37. Qxe6+ Ne7 38. Bxe7 Qxe7 39. Qc6+ Kf7 40. Re1 Qc5+
41. Qxc5 bxc5 42. cxd5 h5 43. Reg1 c4 44. Nxh5 Rxg2+ 45. Rxg2 Rb8 46. Bc2 Rb2 47. Ke3 Ke7 48. Nf4 Ra2 49. Rg7+ Kd8 50. Rxa7 Rxa3+
51. Kd4 Rxf3 52. Ne6+
1-0

[Event "The Resurrection Challenge"]
[Site "SchemingMind.com"]
[Date "2008.03.25"]
[Round "-"]
[White "Clive Everill"]
[Black "Brendan Joseph Birt"]
[Result "0-1"]
[WhiteCountry "CZE"]
[BlackCountry "USA"]
[WhiteElo "1669"]
[WhiteRD "47"]
[BlackElo "1854"]
[BlackRD "75"]
[GameID "147056"]

1. b3 d5 2. Bb2 Bg4 3. h3 Bh5 4. g4 Bg6 5. Bg2 e6 6. d3 c6 7. Nd2 Nd7 8. e4 Ngf6 9. Qe2 dxe4 10. Nxe4 Nxe4
11. Bxe4 Bxe4 12. Qxe4 Nf6 13. Qe2 Qa5+ 14. c3 Nd5 15. Qc2 Nf4 16. Bc1 Qe5+ 17. Be3 Nd5 18. Qd2 Qxc3 19. Qxc3 Nxc3 20. Bd4 Nd5
21. Nf3 Bb4+ 22. Kf1 O-O 23. a3 Bd6 24. h4 Rfe8 25. Ne5 f6 26. Nc4 Bc7 27. Rg1 Nf4 28. Rd1 b6 29. g5 e5 30. Be3 Nd5
31. Bd2 f5 32. h5 Rad8 33. Nb2 e4 34. dxe4 Rxe4 35. h6 g6 36. Nc4 Nc3 37. Re1 Rxe1+ 38. Kxe1 Nb5 39. a4 Nd4 40. Rg2 Nxb3
41. Bc3 Nc5 42. a5 Nd3+ 43. Kf1 Nf4 44. Rg3 Rd1+ 45. Be1 Nd3 46. Re3 Rxe1+ 47. Rxe1 Nxe1 48. Kxe1 b5 49. Nb2 Bxa5+ 50. Ke2 c5
51. Kd3 Kf7 52. f4 Ke6 53. Nd1 c4+ 54. Kd4 Bb6+ 55. Kc3 a5 56. Nb2 Kd5
0-1

[Event "The Resurrection Challenge"]
[Site "SchemingMind.com"]
[Date "2008.03.21"]
[Round "-"]
[White "matizccc"]
[Black "Brendan Joseph Birt"]
[Result "0-1"]
[WhiteCountry "ROU"]
[BlackCountry "USA"]
[WhiteElo "1673"]
[WhiteRD "64"]
[BlackElo "1837"]
[BlackRD "77"]
[GameID "147057"]

1. Nf3 c5 2. d4 d5 3. dxc5 Nc6 4. e3 e5 5. Bb5 f6 6. Bxc6+ bxc6 7. Nc3 Bxc5 8. O-O a5 9. a4 Ne7 10. e4 O-O
11. Be3 Bxe3 12. fxe3 Be6 13. exd5 cxd5 14. Qd3 Qb6 15. b3 Rac8 16. Rfd1 Rfd8 17. Nb5 Bf5 18. Qd2 Rxc2 19. Qe1 Rdc8 20. Na3 R2c3
21. Nc4 dxc4 22. Qxc3 cxb3 23. Qd2 b2 24. Rab1 Bxb1 25. Rxb1 Rb8 26. Ne1 e4 27. Nc2 f5 28. Nd4 Qb4 29. Qc2 g6 30. Nb5 Rc8
31. Qxb2 Qxb2 32. Rxb2 Rc4 33. Ra2 Nd5 34. Kf2 Nb6 35. Nd6 Rxa4 36. Rxa4 Nxa4 37. Nb7 Nb2 38. Nxa5 Kf7 39. Nc6 Kf6 40. Ke2 Nd3
41. Nd4 g5 42. g3 h5 43. Nf3 exf3+ 44. Kxd3 Ke5 45. h3 h4 46. gxh4 gxh4 47. e4 fxe4+ 48. Ke3 Kf5
0-1

[Event "The Resurrection Challenge"]
[Site "SchemingMind.com"]
[Date "2008.03.21"]
[Round "-"]
[White "boutdem"]
[Black "Brendan Joseph Birt"]
[Result "1-0"]
[WhiteCountry "GRE"]
[BlackCountry "USA"]
[WhiteElo "1949"]
[WhiteRD "79"]
[BlackElo "1854"]
[BlackRD "75"]
[GameID "147058"]

1. f4 g6 2. Nf3 Bg7 3. g3 d5 4. Bg2 Nf6 5. O-O O-O 6. d3 b6 7. c3 Nbd7 8. Ne5 Bb7 9. d4 c5 10. Nd2 cxd4
11. cxd4 Rc8 12. Ndf3 Ne4 13. Nxd7 Qxd7 14. Ne5 Qe8 15. f5 Bxe5 16. dxe5 Qc6 17. Bh6 Rfe8 18. Rc1 Qb5 19. Qd3 Ba6 20. Rxc8 Rxc8
21. Qa3 Qxe2 22. fxg6 hxg6 23. Qxe7
1-0

[Event "The Resurrection Challenge"]
[Site "SchemingMind.com"]
[Date "2008.03.21"]
[Round "-"]
[White "tiggeronvrb"]
[Black "_keyes"]
[Result "0-1"]
[WhiteCountry "SCO"]
[BlackCountry "ENG"]
[WhiteElo "1816"]
[WhiteRD "55"]
[BlackElo "1970"]
[BlackRD "72"]
[GameID "147093"]

1. e4 c5 2. d4 cxd4 3. c3 dxc3 4. Nxc3 e6 5. Bc4 a6 6. Nf3 Qc7 7. Qe2 Ne7 8. O-O b5 9. Bb3 Bb7 10. Rd1 Nbc6
11. Bg5 Na5 12. Bc2 Nc4 13. Bb3 f6 14. Bh4 Ng6 15. Bg3 e5 16. Rac1 Be7 17. Nd4 O-O 18. Ndxb5 axb5 19. Nxb5 Qd8 20. Bxc4+ Kh8
21. Nd6 Bxd6 22. Rxd6 Qe7 23. Rcd1 Rfd8 24. a3 Nf8 25. Qd3 Rdb8 26. b4 Ra7 27. Bb5 Bxe4 28. Qxe4 Rxb5 29. Qc4 Rb8 30. R6d3 Ne6
31. f3 Rc7 32. Qa6 Nd4 33. Bf2 Ne2+ 34. Kf1 Nf4 35. R3d2 Ne6 36. b5 Nf8 37. b6 Rc3 38. a4 Qd8 39. Ra2 Ne6 40. a5 d5
41. b7 Qd7 42. Rb1 d4 43. Qb6 Rc6 44. Qb4 Nc5 45. Qxc5 Rxc5 46. a6 Rb5 47. Rba1 R5xb7 48. axb7 Qxb7 49. Ra7 Qb5+ 50. Ke1 Qb4+
51. Kf1 h6 52. Ra8 Rxa8 53. Rxa8+ Kh7 54. Rd8 Qb5+
0-1

[Event "The Resurrection Challenge"]
[Site "SchemingMind.com"]
[Date "2008.03.21"]
[Round "-"]
[White "tiggeronvrb"]
[Black "Brendan Joseph Birt"]
[Result "1/2-1/2"]
[WhiteCountry "SCO"]
[BlackCountry "USA"]
[WhiteElo "1771"]
[WhiteRD "55"]
[BlackElo "1854"]
[BlackRD "75"]
[GameID "147094"]

1. e4 c5 2. d4 cxd4 3. c3 g6 4. Bc4 Nf6 5. e5 d5 6. Bb5+ Bd7 7. Bxd7+ Nfxd7 8. cxd4 e6 9. Nf3 Be7 10. O-O O-O
11. Bh6 Re8 12. Qd2 f5 13. Ng5 Nf8 14. Nc3 Nc6 15. h4 Rc8 16. Rfe1 a6 17. Re3 Bxg5 18. Bxg5 Qb6 19. Rh3 Qxd4 20. Qxd4 Nxd4
21. h5 Nd7 22. hxg6 hxg6 23. f4 b5 24. Kf2 b4 25. Rah1 Nf8 26. Na4 Nb5 27. Bf6 Rc2+ 28. Kg3 Nd4 29. Rh8+ Kf7 30. R1h7+=
1/2-1/2

[Event "The Resurrection Challenge"]
[Site "SchemingMind.com"]
[Date "2008.03.24"]
[Round "-"]
[White "tiggeronvrb"]
[Black "Clive Everill"]
[Result "1-0"]
[WhiteCountry "SCO"]
[BlackCountry "CZE"]
[WhiteElo "1787"]
[WhiteRD "60"]
[BlackElo "1680"]
[BlackRD "52"]
[GameID "147095"]

1. e4 c6 2. Nf3 d5 3. Nc3 Bg4 4. h3 Bxf3 5. Qxf3 e6 6. exd5 cxd5 7. d4 Bb4 8. Bb5+ Nc6 9. a3 Bd6 10. O-O Ne7
11. Bg5 O-O 12. Rad1 f6 13. Bh4 Nf5 14. Nxd5 Ncxd4 15. Nxf6+ Rxf6 16. Qd3 Nxb5 17. Bxf6 Qxf6 18. Qxb5 Qe5 19. Qxe5 Bxe5 20. b3 Nd4
21. Rfe1 Bf6 22. Rc1 e5 23. b4 Re8 24. c4 Bg5 25. Rcd1 Nc2 26. Re4 Nxa3 27. Rd7 Nb1 28. Rxb7 Nd2 29. Rg4 Bf6 30. c5 e4
31. Rxa7 Bd4 32. Rd7 Bc3 33. c6 Bxb4 34. Rgxg7+ Kh8 35. c7 Ba5 36. Rxh7+ Kg8 37. Rhg7+ Kh8 38. Rge7 Nf3+ 39. gxf3 Rg8+ 40. Kh2 exf3
41. Rh7#
1-0

[Event "The Resurrection Challenge"]
[Site "SchemingMind.com"]
[Date "2008.03.21"]
[Round "-"]
[White "tiggeronvrb"]
[Black "matizccc"]
[Result "1/2-1/2"]
[WhiteCountry "SCO"]
[BlackCountry "ROU"]
[WhiteElo "1771"]
[WhiteRD "55"]
[BlackElo "1710"]
[BlackRD "70"]
[GameID "147096"]

1. e4 e5 2. Nf3 d6 3. d4 Bg4 4. dxe5 Bxf3 5. Qxf3 dxe5 6. Bc4 Nf6 7. Bg5 Be7 8. O-O O-O 9. Rd1 Nbd7 10. Nc3 Qe8
11. Qg3 Bd6 12. Bh6 Nh5 13. Qh4 Nf4 14. Qg4 Ng6 15. Be3 Nf6 16. Qe2 Nf4 17. Qd2 Bb4 18. Bxf4 exf4 19. Qxf4 Bxc3 20. bxc3 Qxe4
21. Qxc7 Qxc2 22. Bb3 Qe4 23. Rd4 Qc6 24. Rc4 Qd5 25. Rb4 Qh5 26. Rxb7 Rac8 27. Qg3 Qa5 28. Rc1 Ne4 29. Qf3 Nd6 30. Rd7 Rcd8
31. Rxd8 Rxd8 32. Rd1 Qc7 33. Qg3 Qc6 34. Bd5 Qc7 35. c4 Qd7 36. c5 Qa4 37. Qf3 Nb7 38. Bxf7+ Kh8 39. Rxd8+ Nxd8 40. Bh5 Qxa2
41. Qf8+ Qg8 42. Qe8 Qxe8 43. Bxe8 a5 44. Kf1 Kg8 45. Ke2 Kf8 46. Ba4 Ke7 47. Kd3 Ne6 48. Kc4 Nc7 49. f4 g6 50. g3 Ke6
51. Bc6 Ke7 52. Bb7 Kd7 53. c6+ Kd6 54. g4 Nd5 55. Kb5 Nxf4 56. Kxa5 Kc7 57. Kb5 h5 58. gxh5 gxh5 59. Kc5 h4 60. Kd4 Ne6+
61. Ke5 Nd8 62. Kf5 Nxc6 63. Ba8 Ne7+ 64. Kg4 Kd6 65. Kxh4 Ke5 66. Kg4 Kf6 67. Be4 Ng8 68. h4 Kg7=
1/2-1/2

[Event "The Resurrection Challenge"]
[Site "SchemingMind.com"]
[Date "2008.03.21"]
[Round "-"]
[White "tiggeronvrb"]
[Black "boutdem"]
[Result "0-1"]
[WhiteCountry "SCO"]
[BlackCountry "GRE"]
[WhiteElo "1771"]
[WhiteRD "55"]
[BlackElo "1949"]
[BlackRD "79"]
[GameID "147097"]

1. e4 d5 2. exd5 Nf6 3. c4 c6 4. dxc6 Nxc6 5. Nf3 e5 6. Be2 e4 7. Ng5 Bf5 8. O-O Nd4 9. Nc3 h6 10. Nh3 Bc5
11. Nf4 Nxe2+ 12. Nfxe2 Ng4 13. Ng3 Nxf2 14. Rxf2 Bxf2+ 15. Kxf2 Qd4+ 16. Kf1 Qxc4+ 17. Qe2 Be6 18. Qxc4 Bxc4+ 19. Kf2 O-O-O 20. Ncxe4 Rhe8
21. b3 Bd5 22. Nc3 Bc6 23. Nge2 Rd3 24. Nf4 Rd6 25. d3 g5 26. Nh5 Rxd3 27. Ne2 Bxg2 28. Nhg3 Bf3 29. Ng1 Bc6 30. Ba3 Rd2+
31. Kf1 Bg2#
0-1

[Event "The Resurrection Challenge"]
[Site "SchemingMind.com"]
[Date "2008.03.21"]
[Round "-"]
[White "_keyes"]
[Black "tiggeronvrb"]
[Result "1-0"]
[WhiteCountry "ENG"]
[BlackCountry "SCO"]
[WhiteElo "1921"]
[WhiteRD "74"]
[BlackElo "1765"]
[BlackRD "59"]
[GameID "147098"]

1. d4 d5 2. c4 c6 3. Nc3 e6 4. Nf3 Nf6 5. e3 Bd6 6. Bd3 O-O 7. O-O b6 8. b3 Bb7 9. Qc2 Nbd7 10. Bb2 Qc7
11. cxd5 exd5 12. Rac1 Rae8 13. Nb5 Qb8 14. Nxd6 Qxd6 15. Ne5 Ne4 16. Nxd7 Qxd7 17. Ba3 c5 18. f3 Nf6 19. dxc5 Rc8 20. Bf5 Qe7
21. Bxc8 Rxc8 22. Rfe1 bxc5 23. Bxc5 Qd7 24. b4 Qe6 25. Qd2 a6 26. Bd4 Rd8 27. Bxf6 Qxf6 28. Qd4 Qd6 29. Red1 Bc6 30. Rc5
1-0